000 00611nam a2200229Ia 4500
003 OSt
005 20220923230807.0
006 a|||||r|||| 00| 0
007 ta
008 Pun
024 _a305,559
037 _cTextual
040 _aARTS
_cARTS
_bPun
041 _2Pun
_aPun
082 _aQ8441wI69, 153L0
100 _aਤੁਲਸੀ, ਇੰਦਰਜੀਤ ਸਿੰਘ
_9156370
245 0 _aਧਰਮ ਪੁਰਖ
260 _c1970
650 _aਧਰਮ
942 _hQ8441wI69, 153L0
_cTEXL
_2CC
999 _c387351
_d387351